Nativity Scene and the Birth of Jesus - Statistics

General Stats
  • This quiz has been taken 88 times
  • The average score is 13 of 21
Answer Stats
Hint Answer % Correct
City where Jesus was born Bethlehem
99%
The king of the empire at the time Herod
92%
Who informed Mary and Elizabeth about their pregnancies archangel Gabriel
88%
City his parents had just arrived from Nazareth
87%
Person who created the first Nativity Scene {Francis} of Assissi
83%
Object that led the Three Wise Men to baby Jesus star
80%
Gifts from the three Wise Men to baby Jesus gold
79%
Jesus' cousin born a few months before Jesus to Saint Elizabeth John the Baptist
78%
Object into which baby Jesus was placed manger/creche
78%
Gifts from the three Wise Men to baby Jesus frankincense
72%
Apostles whose gospels describe the Nativity Scene Luke and Matthew
70%
Animals that he put there donkey
68%
Gifts from the three Wise Men to baby Jesus myrrh
64%
Animals that he put there ox
58%
British comedy about a baby born next to Jesus' place of birth Life of {Brian}
46%
Group that authored this film Monty Python
38%
People who welcomed baby Jesus in great numbers shepherds
36%
UNESCO cultural heritage and Austrian carol in the form of a lullaby {Silent} {Night}
29%
Carol by K.K. Davis about a boy who joins the Three Magi {The} {Little} {Drummer} {Boy}
28%
Name of this event in the case of Mary A{nnunciation}
25%
English carol that tells people to be happy because Jesus was born {God} {Rest} {You} {Merry}, {Gentlemen}
4%
No matching quizzes found
Score Distribution
Percent of People with Each Score
Percentile by Number Answered
Your Score History
You have not taken this quiz